[Event "XVI Torneo Internacional CIUDA"]
[Site "Albacete - ESPAÑA"]
[Date "2008.09.01"]
[Round "1.2"]
[White "Solodovnichenko, Yuri"]
[Black "Picazo Lopez, Ignacio"]
[Result "1-0"]
[WhiteElo "2542"]
[BlackElo "1973"]
[PlyCount "77"]
[EventDate "2008.09.01"]

1. e4 d5 2. exd5 Nf6 3. c4 c6 4. d4 cxd5 5. Nc3 e6 6. Nf3 Bb4 7. cxd5 exd5 8.
Bd3 O-O 9. Ne5 Nc6 10. O-O Re8 11. Nxc6 bxc6 12. Bg5 Qd6 13. Qf3 Bg4 14. Qf4
Qxf4 15. Bxf4 Bxc3 16. bxc3 Be2 17. Bxe2 Rxe2 18. f3 Rae8 19. a4 Nh5 20. Bd6
Rc2 21. Rfe1 Re6 22. Rab1 h6 23. Rb8+ Kh7 24. Rxe6 fxe6 25. Ra8 Rxc3 26. Rxa7
Rc1+ 27. Kf2 Rc2+ 28. Ke3 Rxg2 29. a5 Ra2 30. a6 Nf6 31. Bf8 Nh5 32. Bd6 Nf6
33. Kd3 Kg6 34. Kc3 Kf5 35. Kb3 Ra5 36. Bb4 Ra1 37. Ba3 Ne8 38. Rf7+ Kg6 39.
Re7 1-0

[Event "XVI Torneo Internacional CIUDA"]
[Site "Albacete - ESPAÑA"]
[Date "2008.09.01"]
[Round "1.3"]
[White "Alshameary Puente, Ismael"]
[Black "Radulski, Julian"]
[Result "0-1"]
[WhiteElo "1951"]
[BlackElo "2516"]
[PlyCount "56"]
[EventDate "2008.09.01"]

1. e4 e5 2. Nf3 Nc6 3. Bb5 g6 4. O-O Bg7 5. c3 a6 6. Ba4 d6 7. h3 Nf6 8. Re1
O-O 9. d4 b5 10. Bb3 Bb7 11. Nbd2 exd4 12. cxd4 Na5 13. e5 Nxb3 14. Qxb3 dxe5
15. dxe5 Nd7 16. e6 fxe6 17. Ne4 Bd5 18. Qc2 Rxf3 19. gxf3 Ne5 20. Ng5 Qf6 21.
f4 Nc4 22. Rb1 h6 23. b3 hxg5 24. bxc4 bxc4 25. Bb2 c3 26. Bc1 gxf4 27. Kh2 g5
28. Qe2 Qf5 0-1

[Event "XVI Torneo Internacional CIUDA"]
[Site "Albacete - ESPAÑA"]
[Date "2008.09.01"]
[Round "1.4"]
[White "Cabrera, Alexis"]
[Black "Munoz Fernandez, Jose Luis"]
[Result "1-0"]
[WhiteElo "2513"]
[BlackElo "1924"]
[PlyCount "91"]
[EventDate "2008.09.01"]

1. e4 e5 2. Nf3 Nc6 3. Bb5 a6 4. Ba4 Nf6 5. O-O Be7 6. Re1 b5 7. Bb3 d6 8. c3
O-O 9. h3 Na5 10. Bc2 c5 11. d4 Qc7 12. Nbd2 cxd4 13. cxd4 Bd7 14. Nf1 Rfc8 15.
Bd3 Nc6 16. Be3 d5 17. exd5 Nxd5 18. Nxe5 Nxe5 19. dxe5 Qxe5 20. Bc5 Qg5 21.
Bxe7 Nxe7 22. Bxh7+ Kxh7 23. Qxd7 Ng6 24. Rad1 Ne5 25. Qd5 f6 26. Ne3 Rd8 27.
Qe4+ Qg6 28. Qxg6+ Kxg6 29. Kf1 Nc4 30. Nxc4 bxc4 31. Ke2 Rdb8 32. Rb1 Rb5 33.
Kd2 Rab8 34. Kc3 Ra5 35. Ra1 Rg5 36. g3 Rgb5 37. Re2 Kg5 38. Rd1 R8b6 39. Re7
g6 40. Red7 f5 41. R7d6 f4 42. Rxb6 Rxb6 43. Rd5+ Kh6 44. gxf4 Re6 45. f5 gxf5
46. Rxf5 1-0

[Event "XVI Torneo Internacional CIUDA"]
[Site "Albacete - ESPAÑA"]
[Date "2008.09.01"]
[Round "1.6"]
[White "Babaev, Rashad"]
[Black "Trabazos Gallego, Javier"]
[Result "1-0"]
[WhiteElo "2484"]
[BlackElo "1917"]
[PlyCount "89"]
[EventDate "2008.09.01"]

1. e4 d5 2. exd5 Nf6 3. d4 Bg4 4. Be2 Bxe2 5. Qxe2 Qxd5 6. Nf3 Nc6 7. O-O O-O-O
8. Be3 e6 9. c4 Qf5 10. Nc3 Bd6 11. Nb5 h6 12. Nxd6+ Rxd6 13. b4 Nxb4 14. Ne5
Ra6 15. Nxf7 Rf8 16. Ne5 Nc2 17. Rab1 Rxa2 18. f3 Nb4 19. Rb2 Rxb2 20. Qxb2 Nc6
21. Nxc6 bxc6 22. Qa3 Ne4 23. d5 exd5 24. cxd5 Nd6 25. dxc6 Qb5 26. Qxa7 Qxc6
27. Rc1 Qb7 28. Qc5 Rf6 29. Bd4 Re6 30. Bxg7 Kd7 31. Bd4 Qb6 32. Qxb6 cxb6 33.
Bxb6 Nf5 34. Bf2 Rc6 35. Rxc6 Kxc6 36. g4 Ne7 37. Be3 Ng8 38. h4 Kd6 39. h5 Ke5
40. Kg2 Kf6 41. Bf2 Kg5 42. Kg3 Kf6 43. Kf4 Kg7 44. Bd4+ Kf7 45. Kf5 1-0

[Event "XVI Torneo Internacional CIUDA"]
[Site "Albacete - ESPAÑA"]
[Date "2008.09.01"]
[Round "1.7"]
[White "Almagro Guardia, Elena"]
[Black "Pogorelov, Ruslan"]
[Result "0-1"]
[WhiteElo "1895"]
[BlackElo "2459"]
[PlyCount "66"]
[EventDate "2008.09.01"]

1. c4 Nf6 2. g3 e6 3. Bg2 d5 4. Nf3 c6 5. O-O dxc4 6. Qc2 b5 7. a4 Bb7 8. Na3
a6 9. b3 cxb3 10. Qxb3 Nbd7 11. d4 Be7 12. Bb2 O-O 13. Rfd1 Nb6 14. Ne5 Nxa4
15. Nxc6 Bxc6 16. Bxc6 Rc8 17. Bb7 Rb8 18. Bf3 Nxb2 19. Qxb2 Qb6 20. Rab1 Rfc8
21. e3 Qd6 22. Rd3 b4 23. Nc2 a5 24. e4 Qa6 25. Ne1 a4 26. d5 exd5 27. exd5 b3
28. Qe5 Bd6 29. Qe2 Re8 30. Qf1 a3 31. Rdxb3 Qxf1+ 32. Kxf1 Rxb3 33. Rxb3 Rxe1+
0-1

[Event "XVI Torneo Internacional CIUDA"]
[Site "Albacete - ESPAÑA"]
[Date "2008.09.01"]
[Round "1.8"]
[White "Castellanos Rodriguez, Renier"]
[Black "Gonzalez Lopez, Julian"]
[Result "1-0"]
[WhiteElo "2438"]
[BlackElo "1877"]
[PlyCount "49"]
[EventDate "2008.09.01"]

1. e4 c5 2. Nf3 e6 3. d4 cxd4 4. Nxd4 Nf6 5. Nc3 Bb4 6. e5 Nd5 7. Bd2 Bxc3 8.
bxc3 Qc7 9. f4 a6 10. Qf3 b5 11. a4 bxa4 12. c4 Nb6 13. Bb4 Bb7 14. Qg3 Rg8 15.
Qh4 Nc8 16. Qxh7 Rf8 17. Qxg7 Ne7 18. Qf6 Nbc6 19. Nxc6 dxc6 20. Bd6 Qa5+ 21.
Kd1 Nf5 22. Bd3 Qd8 23. Bxf5 Qxf6 24. exf6 exf5 25. Re1+ 1-0

[Event "XVI Torneo Internacional CIUDA"]
[Site "Albacete - ESPAÑA"]
[Date "2008.09.01"]
[Round "1.9"]
[White "Gonzalez Lopez, Mario"]
[Black "Guliev, Logman"]
[Result "0-1"]
[WhiteElo "1876"]
[BlackElo "2437"]
[PlyCount "38"]
[EventDate "2008.09.01"]

1. e4 c5 2. Nf3 Nc6 3. d4 cxd4 4. Nxd4 Nf6 5. Nc3 d6 6. Be2 e5 7. Nb3 Be7 8.
Be3 O-O 9. Qd2 Be6 10. O-O-O a5 11. Kb1 a4 12. Nc1 a3 13. b3 Nb4 14. Nd3 d5 15.
exd5 Nfxd5 16. Nxd5 Nxd5 17. Nc5 Qc8 18. c4 Bf5+ 19. Bd3 Nxe3 0-1

[Event "XVI Torneo Internacional CIUDA"]
[Site "Albacete - ESPAÑA"]
[Date "2008.09.01"]
[Round "1.10"]
[White "Sriram, Jha"]
[Black "Ontanon Gomez, Pablo"]
[Result "1-0"]
[WhiteElo "2429"]
[BlackElo "1874"]
[PlyCount "75"]
[EventDate "2008.09.01"]

1. d4 Nf6 2. c4 c5 3. d5 b5 4. cxb5 a6 5. bxa6 g6 6. Nc3 Bxa6 7. Nf3 d6 8. g3
Bg7 9. Bg2 O-O 10. O-O Nbd7 11. Rb1 Nb6 12. b3 Qc7 13. Bb2 Nfd7 14. Qc2 Ne5 15.
Nxe5 Bxe5 16. Rfc1 Rfb8 17. e3 Nd7 18. h4 Qa5 19. Bh3 Bc8 20. a4 Nb6 21. Bf1
Bd7 22. e4 f5 23. Nb5 Bxb2 24. Rxb2 Rf8 25. e5 dxe5 26. Qxc5 Rac8 27. Nc7 Qxc5
28. Rxc5 Rb8 29. Rbc2 f4 30. a5 Na8 31. Nxa8 Rxa8 32. b4 fxg3 33. fxg3 Rf3 34.
R2c3 Rf6 35. Rc7 Raf8 36. Bg2 Bb5 37. Rxe7 Bf1 38. Rcc7 1-0

[Event "XVI Torneo Internacional CIUDA"]
[Site "Albacete - ESPAÑA"]
[Date "2008.09.01"]
[Round "1.11"]
[White "Carrazzoni Roman, Carlos *"]
[Black "Ivanov, Jordan"]
[Result "0-1"]
[WhiteElo "1855"]
[BlackElo "2421"]
[PlyCount "62"]
[EventDate "2008.09.01"]

1. d4 Nf6 2. Bg5 e6 3. Nf3 c5 4. c3 b6 5. Nbd2 cxd4 6. Nxd4 Bb7 7. N2f3 Be7 8.
Qc2 h6 9. Bh4 Na6 10. Nd2 Nc5 11. f3 Nd5 12. Bf2 Bg5 13. Nc4 Ba6 14. e4 Bxc4
15. Bxc4 Ne3 16. Bxe3 Bxe3 17. Qe2 Bf4 18. g3 Be5 19. O-O O-O 20. f4 Bxd4+ 21.
cxd4 Nxe4 22. Qxe4 d5 23. Bxd5 exd5 24. Qd3 Rc8 25. Rac1 Qf6 26. Rc3 Rce8 27.
Rd1 Re4 28. Rc7 Rfe8 29. Qc3 Qe6 30. Rxa7 Qh3 31. Rf1 Re2 0-1

[Event "XVI Torneo Internacional CIUDA"]
[Site "Albacete - ESPAÑA"]
[Date "2008.09.01"]
[Round "1.12"]
[White "Kovacevic, Slobodan"]
[Black "Garcia Andrinal, Antonio *"]
[Result "1-0"]
[WhiteElo "2417"]
[BlackElo "1830"]
[PlyCount "57"]
[EventDate "2008.09.01"]

1. d4 d5 2. Bf4 e6 3. e3 Nf6 4. Nd2 Nbd7 5. Ngf3 b6 6. c3 Bb7 7. Bd3 Ne4 8.
Bxe4 dxe4 9. Ng5 Nf6 10. Qa4+ c6 11. Ngxe4 Nxe4 12. Nxe4 Be7 13. O-O O-O 14.
Rfd1 Qd5 15. f3 f5 16. Nf2 Qd8 17. Nd3 Qe8 18. Qb3 Bf6 19. Re1 Kh8 20. a4 Rd8
21. Rad1 g5 22. Be5 g4 23. fxg4 fxg4 24. Rf1 Qe7 25. Rxf6 Rxf6 26. Rf1 Rdf8 27.
Rxf6 Rxf6 28. Nf4 Bc8 29. Nh5 1-0

[Event "XVI Torneo Internacional CIUDA"]
[Site "Albacete - ESPAÑA"]
[Date "2008.09.01"]
[Round "1.13"]
[White "Diaz Rios, Ignacio Jose"]
[Black "Valmana Canto, Jaime"]
[Result "0-1"]
[WhiteElo "1815"]
[BlackElo "2376"]
[PlyCount "58"]
[EventDate "2008.09.01"]

1. e4 c5 2. Nf3 Nc6 3. d4 cxd4 4. Nxd4 g6 5. Be3 Bg7 6. Nc3 Nf6 7. f3 O-O 8.
Bc4 Qb6 9. Bb3 Nxe4 10. fxe4 Bxd4 11. Bxd4 Qxd4 12. Qxd4 Nxd4 13. O-O-O Nc6 14.
Nd5 Rb8 15. Rhf1 d6 16. Ne3 Be6 17. Rf4 Ne5 18. Rdf1 Rfc8 19. Bxe6 fxe6 20. Kb1
b5 21. Ng4 g5 22. Nxe5 gxf4 23. Nd3 e5 24. Re1 a5 25. Re2 Kf7 26. Nf2 Rg8 27.
Nd1 Rg6 28. Rf2 Ke6 29. Nc3 b4 0-1

[Event "XVI Torneo Internacional CIUDA"]
[Site "Albacete - ESPAÑA"]
[Date "2008.09.01"]
[Round "1.14"]
[White "Cueto, Jonny"]
[Black "Pardo Simon, Leticia"]
[Result "1-0"]
[WhiteElo "2321"]
[BlackElo "1809"]
[PlyCount "57"]
[EventDate "2008.09.01"]

1. d4 Nf6 2. Bg5 e6 3. Nf3 Be7 4. Nbd2 d6 5. e4 Nbd7 6. Bd3 b6 7. O-O Bb7 8. c3
O-O 9. a4 a6 10. Re1 c5 11. e5 dxe5 12. dxe5 Nd5 13. Bxe7 Nxe7 14. Nc4 Qc7 15.
Bxh7+ Kh8 16. Ng5 g6 17. Qg4 Kg7 18. Rad1 Bd5 19. Ne3 Nxe5 20. Qg3 Bb3 21. Ng4
Bxd1 22. Rxd1 N7c6 23. Re1 Rae8 24. Nxe5 Nxe5 25. Rxe5 Qd6 26. f4 Rh8 27. Nxf7
Qd1+ 28. Re1 Qh5 29. Bxg6 1-0

[Event "XVI Torneo Internacional CIUDA"]
[Site "Albacete - ESPAÑA"]
[Date "2008.09.01"]
[Round "1.15"]
[White "Olivas Campomanes, Angel"]
[Black "Espinosa Aranda, Angel"]
[Result "0-1"]
[WhiteElo "1806"]
[BlackElo "2313"]
[PlyCount "60"]
[EventDate "2008.09.01"]

1. e4 c5 2. Nc3 e6 3. Bc4 a6 4. a4 b6 5. d4 cxd4 6. Qxd4 Nc6 7. Qd1 Nf6 8. Nge2
Qc7 9. O-O Bb7 10. Bf4 d6 11. Ng3 Be7 12. Nh5 Nxh5 13. Qxh5 O-O 14. Rfe1 Ne5
15. Bb3 Ng6 16. Bd2 Ne5 17. Bg5 Bxg5 18. Qxg5 Qc5 19. Qe7 Bc6 20. Qh4 b5 21. a5
b4 22. Nd1 Rfd8 23. Ne3 Qd4 24. Nf1 Ng6 25. Qg4 Qxb2 26. h4 Qf6 27. h5 Ne5 28.
Qg3 h6 29. Rad1 Qg5 30. Qh2 Nf3+ 0-1

[Event "XVI Torneo Internacional CIUDA"]
[Site "Albacete - ESPAÑA"]
[Date "2008.09.01"]
[Round "1.16"]
[White "Fenollar Jorda, Manuel"]
[Black "Ruiz Tebar, Francisco"]
[Result "1-0"]
[WhiteElo "2298"]
[BlackElo "1788"]
[PlyCount "69"]
[EventDate "2008.09.01"]

1. d4 d5 2. Nf3 c5 3. e3 Bg4 4. c3 Nf6 5. dxc5 e5 6. b4 e4 7. h3 exf3 8. hxg4
Nxg4 9. Qxf3 Ne5 10. Qf5 Nbd7 11. Bb5 Qc7 12. Na3 a6 13. Bxd7+ Nxd7 14. Qxd5
O-O-O 15. Qxf7 Qc6 16. O-O h5 17. e4 Nf6 18. Nc4 Qxe4 19. Bg5 Qf5 20. Nb6+ Kb8
21. Bxf6 gxf6 22. Rad1 Bh6 23. Nc4 Rdg8 24. Qxb7+ Kxb7 25. Nd6+ Kb8 26. Nxf5
Bf4 27. Rd7 Rg5 28. Ne7 h4 29. Nc6+ Kc8 30. Rfd1 Bc7 31. Ne7+ Kb8 32. Nd5 Rhg8
33. Nxc7 Rxg2+ 34. Kh1 R8g5 35. Nxa6+ 1-0

[Event "XVI Torneo Internacional CIUDA"]
[Site "Albacete - ESPAÑA"]
[Date "2008.09.01"]
[Round "1.17"]
[White "Corrachano Utrilla, David"]
[Black "Avila Jimenez, Javier"]
[Result "0-1"]
[WhiteElo "1777"]
[BlackElo "2286"]
[PlyCount "100"]
[EventDate "2008.09.01"]

1. e4 d5 2. exd5 Nf6 3. d4 Nxd5 4. Nf3 Bg4 5. Be2 e6 6. c4 Nf6 7. O-O Be7 8.
Nc3 O-O 9. Be3 Nbd7 10. a3 a5 11. h3 Bh5 12. Qc2 c6 13. Rad1 Qc7 14. Ne4 Nxe4
15. Qxe4 Bg6 16. Qg4 f5 17. Qf4 Bd6 18. Qg5 f4 19. c5 fxe3 20. cxd6 exf2+ 21.
Rxf2 Qxd6 22. Bc4 Nb6 23. Ba2 Nd5 24. Bxd5 exd5 25. Qe5 Qd7 26. Qg3 Qf5 27.
Rdf1 Qf4 28. Qxf4 Rxf4 29. g3 Re4 30. Ng5 Re7 31. Nf3 Bd3 32. Rc1 Re3 33. Re1
Rae8 34. Rxe3 Rxe3 35. Kh2 h6 36. Ne5 Be4 37. g4 Re1 38. h4 Rd1 39. h5 Rxd4 40.
Nd7 g6 41. Nf6+ Kh8 42. Nxe4 Rxe4 43. Kg3 gxh5 44. gxh5 Kg7 45. Kh3 d4 46. Rg2+
Kf7 47. Rg6 Re6 48. Rg4 Rd6 49. Rf4+ Ke6 50. Rf2 d3 0-1

[Event "XVI Torneo Internacional CIUDA"]
[Site "Albacete - ESPAÑA"]
[Date "2008.09.01"]
[Round "1.18"]
[White "Vega Gutierrez, Sabrina"]
[Black "Rincon Martin, Santiago *"]
[Result "1-0"]
[WhiteElo "2281"]
[BlackElo "1772"]
[PlyCount "35"]
[EventDate "2008.09.01"]

1. e4 c6 2. d4 d5 3. Nc3 dxe4 4. Nxe4 Bf5 5. Ng3 Bg6 6. h4 h6 7. Nf3 Nd7 8. h5
Bh7 9. Bd3 Bxd3 10. Qxd3 Ngf6 11. Bf4 Nd5 12. Bd2 Qc7 13. c4 N5f6 14. O-O-O
O-O-O 15. Qe2 e6 16. Bc3 Qf4+ 17. Kb1 Qg4 18. Rh4 1-0

[Event "XVI Torneo Internacional CIUDA"]
[Site "Albacete - ESPAÑA"]
[Date "2008.09.01"]
[Round "1.19"]
[White "Villasenor Rubio, Emilio Jose"]
[Black "Peric, Slavisa"]
[Result "0-1"]
[WhiteElo "1768"]
[BlackElo "2253"]
[PlyCount "74"]
[EventDate "2008.09.01"]

1. e4 e6 2. d4 d5 3. Nc3 Nc6 4. e5 Nge7 5. f4 a6 6. Nf3 Nf5 7. Be2 b6 8. O-O
Ncxd4 9. Nxd4 Nxd4 10. Kh1 Nxe2 11. Qxe2 c5 12. Bd2 Be7 13. Rad1 g6 14. Bc1 Qc7
15. Nb1 Bb7 16. c4 dxc4 17. Qxc4 O-O 18. Nc3 Qc6 19. Qe2 b5 20. Be3 c4 21. a3
Rfd8 22. Rxd8+ Rxd8 23. Rd1 Rxd1+ 24. Nxd1 a5 25. Bd2 b4 26. axb4 axb4 27. Ne3
c3 28. bxc3 bxc3 29. Bc1 h5 30. Qc2 Bb4 31. Qd3 Be7 32. Qc2 Kg7 33. Nd1 Bb4 34.
Be3 Qe4 35. Qxe4 Bxe4 36. Nf2 Bf5 37. Kg1 Ba3 0-1

[Event "XVI Torneo Internacional CIUDA"]
[Site "Albacete - ESPAÑA"]
[Date "2008.09.01"]
[Round "1.20"]
[White "Berbatov, Kiprian"]
[Black "Ontanon Gomez, Jesus"]
[Result "0-1"]
[WhiteElo "2250"]
[BlackElo "1761"]
[PlyCount "82"]
[EventDate "2008.09.01"]

1. e4 c5 2. Nf3 d6 3. d4 cxd4 4. Nxd4 Nf6 5. Nc3 g6 6. Be3 Bg7 7. f3 O-O 8. Qd2
Nc6 9. Bc4 Bd7 10. O-O-O Rb8 11. h4 Ne5 12. Bb3 b5 13. h5 Nc4 14. Bxc4 bxc4 15.
hxg6 fxg6 16. Bh6 Qb6 17. b3 cxb3 18. axb3 Bxh6 19. Qxh6 Rf7 20. g4 Rc8 21. Kb2
Qc5 22. Rd3 a5 23. Ra1 e5 24. Nde2 a4 25. Qd2 axb3 26. cxb3 Ne8 27. Nd5 Be6 28.
Nec3 Rb7 29. Ra3 Rcb8 30. Ne2 Bxd5 31. Rxd5 Qc7 32. Nc1 Rb6 33. Rd3 Qb7 34. Ra4
Nc7 35. f4 Na6 36. Rxa6 Qxa6 37. fxe5 dxe5 38. Rd7 Qb5 39. Re7 Qc4 40. Qd7
Rxb3+ 41. Nxb3 Rxb3+ 0-1

[Event "XVI Torneo Internacional CIUDAD DE ALBA"]
[Site "Albacete - ESPAÑA"]
[Date "2008.09.02"]
[Round "2.1"]
[White "Epishin, Vladimir"]
[Black "Pardo Simon, David"]
[Result "1-0"]
[WhiteElo "2574"]
[BlackElo "2204"]
[PlyCount "83"]
[EventDate "2008.09.01"]

1. d4 Nf6 2. Nf3 e6 3. c4 b6 4. g3 Ba6 5. b3 Bb7 6. Bg2 Bb4+ 7. Bd2 a5 8. O-O
O-O 9. Qc1 c5 10. Rd1 cxd4 11. Nxd4 Bxg2 12. Kxg2 Qc7 13. Bg5 Ne4 14. Be3 Be7
15. f3 Nc5 16. Nc3 d6 17. Bg5 f6 18. Bf4 Rd8 19. Ndb5 Qc6 20. Rb1 Nba6 21. Rb2
Rd7 22. Rbd2 Rad8 23. Qb1 Nc7 24. Nxc7 Rxc7 25. g4 Rcd7 26. e4 Na6 27. Bg3 Nc5
28. Qc2 Na6 29. Rd4 Nb4 30. Qe2 Na6 31. R4d2 Nc5 32. Bf2 Bf8 33. Qe3 Kh8 34. h4
Kg8 35. h5 Be7 36. Ne2 Bf8 37. a3 d5 38. Nd4 Qb7 39. exd5 exd5 40. Ne6 Re8 41.
cxd5 Nxe6 42. dxe6 1-0

[Event "XVI Torneo Internacional CIUDAD DE ALBA"]
[Site "Albacete - ESPAÑA"]
[Date "2008.09.02"]
[Round "2.3"]
[White "Radulski, Julian"]
[Black "Garcia Moreno, Carlos"]
[Result "1-0"]
[WhiteElo "2516"]
[BlackElo "2176"]
[PlyCount "91"]
[EventDate "2008.09.01"]

1. e4 e5 2. Nf3 Nc6 3. Bb5 a6 4. Ba4 Nf6 5. O-O Be7 6. Re1 b5 7. Bb3 d6 8. c3
O-O 9. h3 Nb8 10. d4 Nbd7 11. Nbd2 Bb7 12. Re2 h6 13. Qe1 Re8 14. Nf1 Bf8 15.
Ng3 Rb8 16. Bd2 c6 17. Rd1 Qc7 18. Bc1 a5 19. Nh2 a4 20. Bc2 d5 21. dxe5 Nxe4
22. Nxe4 dxe4 23. Rxe4 c5 24. Bf4 Re6 25. Re3 Nb6 26. Re2 g6 27. Bg3 Rbe8 28.
f4 Bg7 29. Ng4 f5 30. Ne3 Bf8 31. b3 axb3 32. axb3 c4 33. b4 Ra8 34. Bh2 Qc6
35. Red2 Ree8 36. Qg3 Kf7 37. Rd6 Bxd6 38. Rxd6 Ra1+ 39. Kf2 Qxd6 40. exd6 Rc1
41. Bg1 Nd5 42. d7 Ra8 43. Qh4 Nf6 44. g4 g5 45. Qxh6 fxg4 46. Qg6+ 1-0

[Event "XVI Torneo Internacional CIUDAD DE ALBA"]
[Site "Albacete - ESPAÑA"]
[Date "2008.09.02"]
[Round "2.4"]
[White "Vega Gomez, Francisco B"]
[Black "Cabrera, Alexis"]
[Result "0-1"]
[WhiteElo "2170"]
[BlackElo "2513"]
[PlyCount "33"]
[EventDate "2008.09.01"]

1. Nf3 g6 2. e4 c5 3. c4 Bg7 4. d4 cxd4 5. Nxd4 Nf6 6. Nc3 Nc6 7. Be3 d6 8. Be2
Bd7 9. O-O Nxd4 10. Bxd4 O-O 11. Nd5 e6 12. Nc3 Bc6 13. Be3 a6 14. Qd3 Qb8 15.
a4 Rd8 16. Rfd1 Nd7 17. Bg5 0-1

[Event "XVI Torneo Internacional CIUDAD DE ALBA"]
[Site "Albacete - ESPAÑA"]
[Date "2008.09.02"]
[Round "2.5"]
[White "Suba, Mihai"]
[Black "Perez Garcia, Roberto"]
[Result "1-0"]
[WhiteElo "2507"]
[BlackElo "2154"]
[PlyCount "54"]
[EventDate "2008.09.01"]

1. c4 g6 2. e4 c5 3. Nf3 Bg7 4. d4 cxd4 5. Nxd4 Nc6 6. Be3 Nf6 7. Nc3 d6 8. Be2
O-O 9. O-O Nxd4 10. Bxd4 Be6 11. Qd2 Qa5 12. Rad1 Rfc8 13. b3 a6 14. Bxf6 exf6
15. Na4 Qxd2 16. Rxd2 Rc6 17. Bf3 Rac8 18. e5 fxe5 19. Bxc6 Rxc6 20. Nc3 b5 21.
Nd5 Bxd5 22. Rxd5 bxc4 23. bxc4 Rxc4 24. Rxd6 Ra4 25. Rd8+ Bf8 26. g3 Kg7 27.
Rd7 Bb4 1-0

[Event "XVI Torneo Internacional CIUDAD DE ALBA"]
[Site "Albacete - ESPAÑA"]
[Date "2008.09.02"]
[Round "2.6"]
[White "Sanchez Jerez, Emilio Miguel"]
[Black "Babaev, Rashad"]
[Result "1/2-1/2"]
[WhiteElo "2143"]
[BlackElo "2484"]
[PlyCount "69"]
[EventDate "2008.09.01"]

1. e4 c5 2. Nf3 d6 3. d4 cxd4 4. Nxd4 Nf6 5. Nc3 Nc6 6. Bg5 e6 7. Qd2 Qb6 8.
O-O-O Qxd4 9. Qxd4 Nxd4 10. Rxd4 a6 11. Bxf6 gxf6 12. Na4 Bd7 13. Nb6 Rd8 14.
Nxd7 Rxd7 15. Be2 Ke7 16. Kb1 Rg8 17. g3 Rg5 18. b4 Rg8 19. Rdd1 Bg7 20. f4 f5
21. e5 Rgd8 22. Rxd6 Rxd6 23. exd6+ Kxd6 24. c4 b6 25. Kc2 Bd4 26. h3 Bf2 27.
g4 fxg4 28. hxg4 Be3 29. Bd3 h6 30. f5 Ke5 31. fxe6 fxe6 32. c5 bxc5 33. bxc5
Bxc5 34. Bxa6 Rd5 35. Bc8 1/2-1/2

[Event "XVI Torneo Internacional CIUDAD DE ALBA"]
[Site "Albacete - ESPAÑA"]
[Date "2008.09.02"]
[Round "2.7"]
[White "Pogorelov, Ruslan"]
[Black "Camacho Calle, Pedro"]
[Result "1-0"]
[WhiteElo "2459"]
[BlackElo "2140"]
[PlyCount "77"]
[EventDate "2008.09.01"]

1. Nf3 Nf6 2. c4 c5 3. Nc3 e6 4. g3 b6 5. Bg2 Bb7 6. O-O Be7 7. Re1 d6 8. e4 a6
9. d4 cxd4 10. Nxd4 Qc7 11. Be3 O-O 12. Rc1 Nbd7 13. f4 h5 14. h3 Rfe8 15. Bf2
g6 16. e5 dxe5 17. fxe5 Nh7 18. Nd5 exd5 19. cxd5 Qb8 20. Nc6 Bxc6 21. dxc6 Nc5
22. e6 Nxe6 23. Rxe6 fxe6 24. c7 Qa7 25. Bxa8 Qxa8 26. Qc2 Bc5 27. Bxc5 bxc5
28. Qxg6+ Kh8 29. Rxc5 Rc8 30. Qxe6 Qb7 31. Qe5+ Kg8 32. Qe6+ Kg7 33. Qe7+ Kg6
34. Qd6+ Kg7 35. Qd7+ Kg8 36. Rc6 Qa7+ 37. Kh1 Qf2 38. Qxc8+ Nf8 39. Qxf8+ 1-0

[Event "XVI Torneo Internacional CIUDAD DE ALBA"]
[Site "Albacete - ESPAÑA"]
[Date "2008.09.02"]
[Round "2.8"]
[White "Fernandez Garcia, Jose Miguel"]
[Black "Castellanos Rodriguez, Renier"]
[Result "1-0"]
[WhiteElo "2135"]
[BlackElo "2438"]
[PlyCount "85"]
[EventDate "2008.09.01"]

1. e4 c5 2. Nf3 e6 3. d4 cxd4 4. Nxd4 a6 5. Bd3 Bc5 6. Nb3 Be7 7. Qg4 g6 8. Qe2
d6 9. Nc3 Nd7 10. f4 Qc7 11. Bd2 Ngf6 12. O-O b6 13. Rae1 Bb7 14. e5 Nd5 15.
Nxd5 Bxd5 16. c4 Bb7 17. Kh1 O-O 18. Nd4 dxe5 19. fxe5 Bh4 20. Bb4 Nc5 21. Rd1
Rfd8 22. Bc2 Rac8 23. Bc3 Be7 24. Qg4 b5 25. cxb5 Qb6 26. Qf4 Rf8 27. bxa6 Qxa6
28. a3 Na4 29. Bxa4 Qxa4 30. Nf5 Bxg2+ 31. Kxg2 Qc6+ 32. Qf3 exf5 33. Qxc6 Rxc6
34. Rd3 Rfc8 35. Rfd1 h6 36. a4 Rc4 37. Rd4 R4c5 38. Rd7 Kf8 39. a5 R8c6 40.
Ra7 Rc4 41. Rdd7 Re4 42. Ra8+ Kg7 43. Re8 1-0

[Event "XVI Torneo Internacional CIUDAD DE ALBA"]
[Site "Albacete - ESPAÑA"]
[Date "2008.09.02"]
[Round "2.9"]
[White "Guliev, Logman"]
[Black "Vega Gutierrez, Belinda"]
[Result "1-0"]
[WhiteElo "2437"]
[BlackElo "2129"]
[PlyCount "87"]
[EventDate "2008.09.01"]

1. e4 e5 2. Nf3 Nc6 3. Bb5 a6 4. Ba4 Nf6 5. O-O b5 6. Bb3 Bb7 7. d3 Bc5 8. Nc3
d6 9. a3 h6 10. Ne2 O-O 11. Ng3 Qd7 12. c3 Rfe8 13. Qe2 d5 14. Nf5 dxe4 15.
dxe4 Na5 16. Bc2 Nc4 17. N3h4 Nd6 18. Nxd6 Qxd6 19. Qf3 Qc6 20. Nf5 Nxe4 21.
Bxh6 Qg6 22. Bxe4 Bxe4 23. Qxe4 gxh6 24. b4 Bf8 25. Rae1 Rab8 26. Re3 Kh8 27.
Rg3 Qh7 28. Rd1 Rb6 29. h3 Rf6 30. Rf3 c6 31. g4 Qg6 32. Kg2 Kg8 33. Rfd3 Rfe6
34. Rd8 Bg7 35. f3 Kh7 36. R8d7 Kg8 37. Rc7 Bf8 38. Rdd7 Rf6 39. Ng3 Rf4 40.
Qxg6+ fxg6 41. Ne4 Re6 42. h4 a5 43. bxa5 c5 44. g5 1-0

[Event "XVI Torneo Internacional CIUDAD DE ALBA"]
[Site "Albacete - ESPAÑA"]
[Date "2008.09.02"]
[Round "2.11"]
[White "Ivanov, Jordan"]
[Black "Draghici Flutur, Gravril *"]
[Result "1-0"]
[WhiteElo "2421"]
[BlackElo "2111"]
[PlyCount "61"]
[EventDate "2008.09.01"]

1. d4 d5 2. c4 dxc4 3. Nf3 Nf6 4. e3 Bg4 5. Bxc4 e6 6. h3 Bh5 7. Nc3 Nbd7 8.
O-O Bd6 9. e4 e5 10. g4 Bg6 11. dxe5 Nxe5 12. Nxe5 Bxe5 13. f4 Bd4+ 14. Kh2 h5
15. f5 hxg4 16. fxg6 Rxh3+ 17. Kg2 fxg6 18. Ne2 Be5 19. Nf4 Qxd1 20. Rxd1 Bxf4
21. Bxf4 c6 22. Rd6 Rd8 23. Bf7+ Ke7 24. Rxd8 Kxd8 25. Bxg6 Rf3 26. Rd1+ Ke7
27. Bd6+ Ke6 28. Bf5+ Kf7 29. Bxg4 Re3 30. Bf3 Nxe4 31. Bf4 1-0

[Event "XVI Torneo Internacional CIUDAD DE ALBA"]
[Site "Albacete - ESPAÑA"]
[Date "2008.09.02"]
[Round "2.12"]
[White "Garcia Lopez, Luis Manuel"]
[Black "Kovacevic, Slobodan"]
[Result "1/2-1/2"]
[WhiteElo "2109"]
[BlackElo "2417"]
[PlyCount "67"]
[EventDate "2008.09.01"]

1. e4 c5 2. Nf3 e6 3. d4 cxd4 4. Nxd4 a6 5. Nc3 Qc7 6. g3 Bb4 7. Nde2 Be7 8.
Bg2 Nc6 9. O-O Nf6 10. Nf4 d6 11. Nd3 Rb8 12. Be3 O-O 13. g4 Na5 14. g5 Nd7 15.
f4 b5 16. Kh1 Re8 17. f5 Nc4 18. fxe6 fxe6 19. g6 hxg6 20. Qg4 Nde5 21. Nxe5
Nxe5 22. Qg3 Bd7 23. Bf4 Rf8 24. Bxe5 dxe5 25. Qxg6 Rxf1+ 26. Rxf1 Rf8 27.
Rxf8+ Kxf8 28. Bf3 Bf6 29. Bh5 Ke7 30. Nd5+ exd5 31. Qf7+ Kd6 32. Qxd5+ Ke7 33.
Qf7+ Kd6 34. Qd5+ 1/2-1/2